01896nam a22002177a 4500003000900000008004100009040007100050082004500121110005500166245006800221260003900289300002800328440005700356505108300413650002301496650003201519650002001551650002701571650002501598710005501623AR-CdUCM190425b ||||| |||| 00| 0 spa d aMUNICIPALIDAD PROVINCIAL DEL CUSCOcBIBLIOTECA MUNICIPAL DEL CUSCO aRev.Univ/N°10/1914bRev.Univ/N°10/1914 aUniversidad Nacional de San Antonio Abad del Cusco aRevista Universitaria :bÓrgano de la Universidad del Cuzco / aCusco :bEl Trabajo,cagosto 1914. a48 páginas. :c20 cm. aRevista UniversitarianAño III, agosto 1914, N°10 aContenido: Razón de las piezas justificativas que acreditan la verdad de la memoria -- Recurso de los ciudadanos del Cuzco al gobernador político. -- Acta de la Junta Municipal de la Merced de 7 de febrero de 1813. -- Recurso del Brigadier Pumaccahua al Excelentísimo señor Virrey. -- Delación de don Mariano Zuvizarreta. -- Delación de don Mariano Arriaga. -- Delación de don José Taboada. -- Oficio del Cabildo del Cuzco al Gobierno de 6 de noviembre de 1813. -- Contestación del Gobierno al Cabildo. -- Certificación del escribano Ledesma acerca de los actos que formó el Alcalde constitucional doctor Martín Valer al Gobierno por los muertos de la noche del 5 de noviembre de 1813. -- Acta de las corporaciones del Cuzco ya insurreccionadas de 4 de agosto de 1814. -- Fórmula del Juramento dirigido por el Reverendo Obispo a los prelados regulares. -- Borrador del poder encontrado entre los papeles del prebendado don Francisco Carrasco para autorizar con a los plenipotenciarios del Gobierno del Cuzco para hacer tratados con el de Buenos Aires.  aHistoria del Cusco aRevolución del Cusco 1814 aMateo Pumacahua aLevantamientos andinos aHistoria Republicana aUniversidad Nacional de San Antonio Abad del Cusco